Aspect Oriented Design for Data Driven Projects / (Record no. 608214)

000 -LEADER
fixed length control field 00424nam a22001457a 4500
003 - CONTROL NUMBER IDENTIFIER
control field NUST
005 - DATE AND TIME OF LATEST TRANSACTION
control field 20240226140823.0
082 ## - DEWEY DECIMAL CLASSIFICATION NUMBER
Classification number 005.1
100 ## - MAIN ENTRY--PERSONAL NAME
Personal name Ahmed, Naveen
9 (RLIN) 35209
245 ## - TITLE STATEMENT
Title Aspect Oriented Design for Data Driven Projects /
Statement of responsibility, etc. Naveen Ahmed,
260 ## - PUBLICATION, DISTRIBUTION, ETC.
Place of publication, distribution, etc. Rawalpindi
Name of publisher, distributor, etc. MCS - NUST,
Date of publication, distribution, etc. 2013
300 ## - PHYSICAL DESCRIPTION
Extent 75 p. ; 30cm
650 ## - SUBJECT ADDED ENTRY--TOPICAL TERM
Topical term or geographic name entry element Computer Software Engineering-Aspect Oriented Design
9 (RLIN) 35210
942 ## - ADDED ENTRY ELEMENTS (KOHA)
Source of classification or shelving scheme
Koha item type Thesis
Holdings
Withdrawn status Lost status Source of classification or shelving scheme Damaged status Not for loan Permanent Location Current Location Shelving location Date acquired Total Checkouts Full call number Barcode Date last seen Price effective from Koha item type
          Military College of Signals (MCS) Military College of Signals (MCS) Thesis 02/26/2024   005.1 MCSTCS-302 (A) 02/26/2024 02/26/2024 Thesis
© 2023 Central Library, National University of Sciences and Technology. All Rights Reserved.